[Event "Shamkir Chess"]
[Site "?"]
[Date "2017.04.23"]
[Round "3.5"]
[White "Karjakin, Sergey"]
[Black "Adams, Michael"]
[Result "0-1"]
[WhiteElo "2783"]
[BlackElo "2761"]
[EventDate "2017.??.??"]
[Annotator "Bojkov,Dejan"]
[PlyCount "78"]
[Beauty "7697005026832"]
[EventType "schev"]
[EventRounds "3"]
[WhiteClock "0:00:03"]
[BlackClock "0:01:34"]

1.d4 Nf6 2.c4 e6 3.Nf3 d5 4.Nc3 a6 5.cxd5 exd5 {A trendy version of the QGD.} 6.Bf4 {This move is considered less dangerous than 6.Bg5.} ( {Van Wely chose to develop the bishop on g5 instead:} 6.Bg5 Be6 7.e3 Nbd7 8.Bd3 h6 9.Bh4 g5 10.Bg3 Nh5 11.Be5 {with a complex game in Van Wely,L (2695) -Andreikin,D (2736) Wijk aan Zee 2017} ) 6...Bd6 7.Bg3 ( 7.Bxd6 Qxd6 8.Qc2 Bg4 9.Ne5 Be6 $10 {Svidler,P (2745)-Fedoseev,V (2665) Novosibirsk 2016} ) 7...O-O 8.e3 Bf5 9.Qb3 Bxg3 10.hxg3 ( 10.Qxb7 $2 Bxf2+ ) 10...Nc6 11.Be2 $146 {A novelty by Karjakin. It does not dramatically change the situation though. The Carlsbad pawn structure has clear plans for both sides. Black attacks with pieces on the kingside. White does the minority attack on the opposite wing.} ( {The only predecessor is a recent game by Adams as well:} 11.Nh4 Bg4 12.Bd3 Re8 13.O-O Rb8 14.Rac1 Ne7 15.Qc2 c6 16.Rfe1 Qd6 17.a3 Ng6 18.Nf3 Ne7 19.Ne5 g6 20.Nxg4 Nxg4 21.Be2 Nf6 22.g4 Kg7 23.g5 Nfg8 24.Qd2 f5 25.Na4 h6 26.gxh6+ Nxh6 27.Nc5 Rh8 28.g3 Nf7 29.Kg2 Ng5 30.Rh1 Ne4 31.Nxe4 fxe4 32.Bg4 {1/2-1/2 (32) Anton Guijarro,D (2650)-Adams,M (2751) Caleta 2017} ) ( {The pawn is poisoned.} 11.Qxb7 $2 Qd6 12.Qb3 Rfb8 13.Qa3 Nb4 {gives Black a huge attack practically for nothing.} ) 11...Qd6 12.O-O Ne7 13.Ne5 h5 {A slight difference in comparison to the usual Carlsbad approach. Adams can try and make use of the doubled pawns on the g-file to open some files against the enemy king.} 14.Rfc1 Ng4 15.Na4 b6 {Not} ( 15...Nxe5 16.dxe5 Qxe5 17.Qxb7 {with an edge for White.} ) 16.Qc3 Rfc8 ( {Ljubojevic sugegsted} 16...Ra7 {instead to give the kingside pieces some freedom as they don't need to tend to c7. Adams looked puzzled when he heard about the idea though.} ) 17.Nd3 {White would be happy to fix the pawn on c7 and try to get it later but} ( 17.Nc6 $2 {fails to do the job due to} 17...Qxc6 18.Qxc6 Nxc6 19.Rxc6 Bd7 ) 17...Bd7 18.b3 Ng6 ( 18...Bxa4 $6 {would make White happy as he can use the half-open b- and c-files to apply queenside pressure.} 19.bxa4 a5 20.Rab1 ) 19.Qb4 ( {The other way to play the position was suggested by Adams:} 19.Rc2 h4 20.Bxg4 Bxg4 21.gxh4 Nxh4 22.Qc6 {After} 22...Qd8 {the position remains balanced. Thus the conclusion: White did not get much out of the opening.} ) 19...Qf6 {Definitely not} ( 19...Qxb4 $2 20.Nxb4 {when Black drops a pawn.} ) 20.Nc3 Qf5 21.a4 a5 22.Qa3 {"My queen is very misplaced here." (Karjakin)} 22...Nf6 {Also interesting was:} ( 22...h4 23.gxh4 Nxh4 24.Nf4 Nf6 {with the idea g7-g5, followed by Kg8-g7 and placing rooks on the h-file.} ) 23.Ra2 Qg5 24.Ne1 c5 {"I was very surprised by this move." (Karjakin) He expected instead:} ( 24...h4 25.Nf3 Qh6 26.gxh4 Nxh4 27.Nxh4 Qxh4 ) 25.Nf3 Qh6 {The real problem for the Russian GM was that he was getting very low on time. In Shamkir, the time control is different than the modern ones. The players do not have increment for every move that they make.} 26.dxc5 Rxc5 27.Nb5 ( {Perhaps White should have thought about splitting the point with} 27.b4 axb4 28.Qxb4 Rac8 29.a5 bxa5 30.Rxa5 ) 27...Rac8 28.Rxc5 Rxc5 29.b4 axb4 30.Qxb4 Ne4 31.Bf1 {Karjakin spent valuable time calculating the complex line:} ( 31.Nbd4 Rc1+ 32.Bf1 h4 33.gxh4 Nxh4 34.Nxh4 Qxh4 {Now after} 35.Qxb6 {Black can sacrifice the exchange with} 35...Rxf1+ {and this indeed seems scary, especially in the time-trouble. Objectively though it should lead to a draw after} ( {Perhaps Karjakin was also afraid of} 35...Nc3 $5 {with the idea} 36.Rb2 ( {The pretty} 36.Nf3 $3 {though would have saved White. For example} 36...Qh5 37.Qd8+ Kh7 38.Rc2 $1 Rxc2 39.Bd3+ Bf5 40.Bxf5+ Qxf5 41.Qh4+ Kg6 42.g4 Qe4 ( 42...Qxf3 $2 43.Qh5+ Kf6 44.g5+ {loses for Black.} ) 43.Qg5+ Kh7 44.Qh4+ $11 {But try to find this with your clock ticking and your last seconds flying away...} ) 36...Rxf1+ 37.Kxf1 Qh1# ) 36.Kxf1 Qh1+ 37.Ke2 Bg4+ 38.f3 Qxg2+ 39.Kd3 ( {The other move is also a draw} 39.Ke1 Qg1+ ( {Or} 39...Qxa2 40.Qd8+ Kh7 41.Qh4+ Kg8 42.Qd8+ ) 40.Ke2 Qg2+ ) 39...Qxa2 40.Qd8+ Kh7 41.Qh4+ Kg8 ( {Black cannot avoid the perpetual} 41...Kg6 $2 42.Qxg4+ Ng5 43.f4 {as he will lose.} ) 42.Qd8+ ) ( {Therefore, for practical reasons, White should have opted for} 31.Ra1 $5 h4 32.gxh4 Bxb5 $11 ) 31...h4 {A nasty move order. Karjakin expected:} ( 31...Bxb5 32.axb5 h4 33.g4 ) 32.gxh4 Bxb5 ( 32...Nxh4 33.Nxh4 Qxh4 {would also leave White with some problems to solve.} ) 33.axb5 Nxh4 34.Nxh4 Qxh4 35.Qd4 Rc1 {Pins and open king in time-trouble?! Deadly combination!} 36.Qe5 Qd8 {Adams is very practical in the time-trouble. He leaves his opponent no forcing moves while at the same time is ready to shift the queen for an attack along the c-file.} 37.Qf5 ( 37.Ra1 $1 {to get rid of the pin was mandatory.} ) ( {Or even} 37.f3 {to chase the annoying knight away.} ) 37...g6 38.Qe5 Qc8 ( 38...Nc3 $5 39.Rd2 Qc8 ) 39.g3 {With just a few seconds on the clock, Karjakin blunders.} ( 39.Ra1 {was still probably defendable after} 39...Rxa1 ( {Or} 39...Nd2 40.Qb2 ( 40.Rxc1 Qxc1 41.Qe8+ Kg7 ( 41...Kh7 42.Qxf7+ Kh6 43.Qf8+ Kh7 ) 42.Qe5+ ) ) 40.Qxa1 Qc2 41.Qe1 {although the queen and the knight would definitely torture White for many moves.} ) 39...Rxf1+ {What's worse, Karjakin could not make the time control and lost on time. After} ( 39...Rxf1+ 40.Kxf1 Qc4+ 41.Re2 Nd2+ 42.Kg2 ( 42.Ke1 Nf3+ ) 42...Qxe2 43.Qe8+ Kg7 44.Qe5+ Kh7 45.Qf4 Qf1+ 46.Kh2 Qc4 47.Qxf7+ Kh6 48.Kh3 $1 {it is not yet a win for Black, and the game goes on.} ( 48.Qf8+ Kh5 $1 ) ) 0-1

[Event "Shamkir Chess"]
[Site "?"]
[Date "2017.04.27"]
[Round "6.4"]
[White "So, Wesley"]
[Black "Karjakin, Sergey"]
[Result "1-0"]
[WhiteElo "2822"]
[BlackElo "2783"]
[EventDate "2017.??.??"]
[Annotator "Bojkov,Dejan"]
[PlyCount "127"]
[Beauty "6185960866312"]
[EventType "schev"]
[EventRounds "3"]
[WhiteClock "0:21:05"]
[BlackClock "0:48:50"]

1.Nf3 Nf6 2.c4 c5 3.Nc3 Nc6 4.e3 e6 5.d4 d5 6.a3 a6 7.dxc5 Bxc5 8.b4 Ba7 9.Bb2 O-O 10.h3 {So deviates from an earlier game of his:} ( 10.Qc2 Bd7 11.Rd1 Rc8 12.cxd5 exd5 13.Be2 d4 14.exd4 Bg4 15.d5 Ne7 {where he got nothing from the opening, So,W (2770)-Caruana,F (2804) Leuven 2016} ) 10...h6 11.Rc1 Re8 $146 {A solid choice and a novelty. An email game saw:} ( 11...d4 12.exd4 Bxd4 13.Bd3 e5 14.Nxd4 Nxd4 15.O-O Re8 16.Ne2 {with slightly better position for White, Martys,M (2239)-Zacharov,O (2208) LSS email 2008} ) 12.Bd3 dxc4 13.Bxc4 Qxd1+ 14.Rxd1 b5 15.Bd3 Bb7 {The magical pieces, the queens are gone, the position is symmetrical which might be a good occassion for some players to bury the hatchet and get an extra free day.} 16.Ke2 Kf8 17.Rhg1 {The only chance to create some play is to grab space on the kingside.} 17...Rad8 18.Bb1 Ne7 ( {If Karjakin wanted to draw he could have started with the trades at once with} 18...Rxd1 19.Rxd1 ( 19.Nxd1 Rd8 ) 19...Rd8 ) 19.Nd2 Bb6 20.g4 Ned5 21.Nxd5 Nxd5 22.Nb3 f6 {Unnecessary weakening. Why not} ( 22...Rc8 $5 {threatening Nd5-c3? The position remains equal.} ) 23.Bg6 Re7 24.Rc1 Red7 25.Rgd1 {Karjakin's problem was not with the position, but in the fact that he was getting very low on time.} 25...Ne7 26.Rxd7 Rxd7 27.Bb1 Rc7 $6 {And in the approaching time-trouble he starts to err.} ( {Both players agreed that the correct continuation was} 27...Bd5 28.Nc5 {and now to give up the bishop pair with} 28...Bxc5 ( {Not} 28...Ra7 29.Bd4 {with the threat Nc5xe6!} ) 29.Rxc5 Bc4+ 30.Ke1 {in order to block the enemy one with} 30...e5 $1 {White has the bishop pair but his dark-squared bishop was limited.} ) ( 27...e5 {at once is also possible and would most likely transpose into the same line after} 28.Nc5 Bxc5 29.Rxc5 Bd5 ) ( {Another defense was} 27...Kf7 28.Nc5 Bxc5 29.Rxc5 Ng6 30.f4 Nh4 {followed by g7-g5 (So)} ) 28.Rxc7 Bxc7 29.Nc5 Bc8 30.Ba2 {Now there is a nasty pressure on both e6 and a6 pawns but this should still he holdable.} 30...Nd5 ( {The defensive set-up after} 30...Kf7 31.f4 Nc6 32.f5 Nd8 {should hold in my opinion.} ) ( 30...e5 {here is not as convincing as after} 31.Ne6+ Bxe6 32.Bxe6 {Black loses the light-squared bishop and it is very a important piece to defend the queenside pawns.} ) 31.f4 Bd6 32.Bd4 Kf7 ( {The position after} 32...Bxc5 33.Bxc5+ Kf7 34.Kd3 {is very difficult for Black. So will open the road for his bishops thanks to the kingside pawns.} ) 33.Kd3 Ne7 $2 {One more mistake. The correct decision was:} ( 33...Bxc5 34.Bxc5 Ne7 35.f5 Nc6 {with the key idea} 36.Bd6 ( {After} 36.Ke4 Ne5 {White is better but Black may hold.} ) 36...Ne5+ 37.Kd4 Nc4 $1 {The opposite colored bishops always provide good drawing chances and every chess player should know this idea when fighting the bishop pair.} ) ( {Instead} 33...Bc7 34.f5 {seems horrible for Black.} ) ( {But perhaps} 33...Ke7 34.Ne4 {may not be that bad.} ) 34.Ne4 Bc7 35.f5 $1 {Now White wins a pawn.} 35...Nc6 36.fxe6+ Bxe6 37.Bxe6+ Kxe6 38.Nc5+ Ke7 ( {Similar was} 38...Kd5 39.e4+ Kd6 40.Nxa6 Bd8 ) 39.Nxa6 Bd6 40.Bc5 $1 {Takes away bishops from the board. The knight endgame follows a famous "Botvinnik rule." The patriarch explained as follows "You imagine that the knights are taken off the board. The one who wins the pawn endgame should win the knight endgame too."} 40...Ne5+ 41.Ke4 Nc4 42.Kd5 Bxc5 43.Kxc5 Nxa3 44.Nc7 Kd7 {Desperation. Karjakin's last chance was in the line:} ( 44...Nc2 45.Nxb5 {Better than} ( 45.Nd5+ Ke6 ) 45...Nxe3 46.Nd6 Nd1 47.Nf5+ Kf7 {The outside passer should win for White but he has to be careful not to part with it too soon. For example:} 48.b5 $2 {would lead only to a draw after} ( {However, the accurate} 48.Nd4 $1 Nc3 49.Kc4 {should win the game for White.} ) 48...Nc3 49.b6 Na4+ 50.Kb5 Nxb6 51.Kxb6 Kg6 52.Kc6 h5 53.Kd5 hxg4 54.hxg4 Kg5 55.Ne3 f5 56.gxf5 g6 $11 ) ( {Even} 44...Nc4 45.e4 Kd7 46.Nxb5 {would have been more stubborn.} ) 45.Nxb5 Nc2 46.Nd4 Nxe3 47.Nf5 {Now Black gets far worse version of the above-mentioned line.} 47...Nd1 48.Kb6 ( 48.Nxg7 {was simple enough.} ) 48...g6 49.Nxh6 Ne3 50.b5 f5 51.Ka6 fxg4 ( {Or} 51...f4 52.Nf7 ) 52.hxg4 Nd5 53.b6 Kc6 54.b7 {The pawn reaches the seventh rank and it is over.} 54...Nc7+ 55.Ka7 Nb5+ 56.Ka8 Nc7+ 57.Kb8 Nb5 58.Ka8 Nc7+ 59.Kb8 Nb5 60.Nf7 Kb6 61.g5 Ka6 62.Nd8 Kb6 63.Kc8 Nd6+ 64.Kd7 {Black resigned since he can wi the b-pawn, but the K+P ending is lost.} 1-0

[Event "Shamkir Chess"]
[Site "?"]
[Date "2017.04.29"]
[Round "8.3"]
[White "Wojtaszek, Radoslaw"]
[Black "Mamedyarov, Shakhriyar"]
[Result "1-0"]
[WhiteElo "2745"]
[BlackElo "2772"]
[EventDate "2017.??.??"]
[Annotator "Bojkov,Dejan"]
[PlyCount "61"]
[Beauty "8250632197708"]
[EventType "schev"]
[EventRounds "3"]
[WhiteClock "0:17:33"]
[BlackClock "0:05:49"]

1.Nf3 Nf6 2.c4 g6 3.Nc3 d5 4.cxd5 Nxd5 5.Qb3 Nb6 6.d4 Bg7 7.e4 Bg4 8.Bb5+ c6 9.Ng5 O-O 10.Be2 Bxe2 11.Nxe2 Na6 12.Qh3 h6 13.Nf3 h5 14.Rg1 Nb4 ( {Another way of playing the position for Black was used by Volokitin:} 14...e5 15.g4 exd4 16.gxh5 Qd7 17.Qh4 d3 18.Nf4 {but Black's position looks extremely dangerous at this point in Jakovenko,D (2704)-Volokitin,A (2649) Doha 2016} ) ( {Wojtaszek believed that there is a forced draw in this line after:} 14...Nd7 $1 {The only move. (Wojtaszek)} 15.e5 Nb4 16.g4 Nc2+ 17.Kf1 Nxe5 18.Nxe5 Bxe5 19.gxh5 Qc8 20.Rg4 Qf5 21.dxe5 {and after some further computer moves it all ends in adraw-} 21...Rad8 22.hxg6 fxg6 23.Nf4 Rd1+ 24.Ke2 Re1+ 25.Kd2 Rd8+ 26.Kc3 Nxa1 27.Rxg6+ Qxg6 28.Nxg6 Rxc1+ 29.Kb4 Rd4+ 30.Ka3 Nc2+ 31.Kb3 Na1+ {Please, have mercy and do not ask me why...} ) 15.g4 Qd7 16.Qh4 $1 {According to Wojtaszek, this was another brilliant idea by Grzegorz Gajewski. Both Polish GMs worked and/or are still working with Vishy Anand and are famous for their quality opening preparation. Wojtaszek said at the press conference that this was pretty much everything that he remembered, with some bits of information later, and he was not sure that what he was doing was correct.} 16...Nc2+ $146 ( {In the only predecessor Black got crushed after:} 16...hxg4 17.Rxg4 Rfd8 18.Kf1 e5 19.Bd2 ( 19.Bh6 $1 ) 19...Nd3 20.b3 exd4 21.Ng5 c5 22.Nf4 Ne5 23.Qh7+ Kf8 24.Nfe6+ $1 fxe6 25.Rf4+ Ke7 26.Qxg7+ Kd6 27.Rf7 Qb5+ 28.Kg1 {1-0 (28) Lupulescu,C (2634)-Nedilko,V (2396) Legnica 2013} ) ( {Both players thought that White's attack is too fast after} 16...Nd3+ 17.Kf1 Nxc1 18.Rxc1 Bf6 19.Qh3 {followed by e4-e5 and Ne2-f4.} ) ( 16...Bf6 {hsould be analyzed as well.} ) 17.Kf1 Nxd4 {White praised this move and confessed that he had difficulties finding the refutation over the board.} ( {Wojtaszek believed that he wins in the line:} 17...Nxa1 18.gxh5 Bf6 19.Bg5 Kg7 20.Bxf6+ exf6 21.Nf4 {with capture on g6 to follow. This might not be completely true as Black has:} ( {However, the Polish GM is right and there is a win after} 21.h6+ $1 Kh7 22.Qxf6 Rg8 23.Ng5+ Kxh6 {and now plenty of moves lead to the aim:} 24.Rg3 ( 24.Nf4 ) ( 24.Nxf7+ ) ) 21...g5 $1 22.Nxg5 Rg8 $1 {when there is nothing decisive in sight.} ) ( {It is funny to see how the computer changes his evaluation from completely won for Black after} 17...Bf6 {To equal when White finds} 18.Bg5 {and then a bit further to much better for White} 18...Bxg5 19.Qxg5 Nxa1 20.Qh6 {only to realize at the end that White's attack is indeed winning.} ) 18.Nexd4 ( {Worse is the other capture:} 18.Nfxd4 Bxd4 19.gxh5 Bf6 20.Bg5 {as the black knight can mess the things up after} 20...Nc4 21.Bxf6 Nd2+ 22.Kg2 exf6 ) 18...Bxd4 19.gxh5 {Now almost all the white pieces are into the attack and Mamedyarov has very few defenders on the kingside.} 19...Bf6 20.Bg5 Bxb2 {White expected:} ( 20...Qe6 21.Rg3 ( 21.hxg6 {looks simplier, with an extra pawn in the endgame after} 21...fxg6 22.Bxf6 Qxf6 23.Qh6 Kf7 24.Ne5+ $1 Ke8 ( 24...Qxe5 25.Qxg6# ) 25.Qxg6+ Qxg6 26.Nxg6 ) 21...Nc4 22.Kg2 {with strong attack.} ) 21.Re1 Qd3+ {Forces the king in front of the rook, but this success is only temporary.} 22.Kg2 f6 {Mamedyarov is very cunning even when under horrific attack.} 23.Bh6 ( 23.hxg6 $2 {seems winning, but in fact this will reveal Black's trap-} 23...Qxf3+ $1 24.Kf1 ( 24.Kxf3 fxg5+ ) 24...Qxf2+ $3 {and Black will both take back the material and repel the attack.} ) ( {In case of} 23.Re3 fxg5 24.Nxg5 Qd6 25.hxg6 {Mamedyarov intended to defend not with} 25...Qxg6 ( {But with} 25...Rf4 {However, White should win here as well after} 26.Qh3 $1 ) 26.Kh1 {with decisive atatck for White.} ) 23...g5 24.Nxg5 $1 {Of course! White needs the open files.} 24...Rf7 ( {The most stubborn defense was:} 24...Kh8 25.Bxf8 ( {Not} 25.Bg7+ {a move that White also considered, due to} 25...Kxg7 26.Kh1 Kh8 $1 {and there is no follow up.} ) 25...Rxf8 26.Qh3 Qxh3+ 27.Nxh3 e5 28.Kf3 {the endgame should be won for White.} ) 25.Nxf7 Kxf7 26.Re3 {Now White attacks with extra material. What can be better than that!} 26...Qc2 27.Rg3 Bd4 28.Rg7+ Ke6 29.Qg4+ ( 29.Qf4 {with the threat Qf4-f5+ was faster. For example:} 29...Qb2 30.Qf5+ Kd6 31.Rd1 {and there is no defence against Bh6-f4+ or Bh6-e3.} ) 29...Kd6 30.Be3 Bxe3 31.Qg3+ {Mamedyarov did not see any point going on. While Wojtaszek said at the press-conference that he was not quite sure how is he winning! A possible line would have been:} ( 31.Qg3+ Ke6 32.Qxe3 Nc4 33.Qf3 Ne5 34.Qh3+ Kd6 35.Qe3 Ke6 36.h6 {when the "h" pawn should decide the outcome of the game.} ) 1-0